| 000 | 00446nam a2200145Ia 4500 | ||
|---|---|---|---|
| 008 | 230917s9999||||xx |||||||||||||| ||und|| | ||
| 040 |
_e243235 _aMAIN |
||
| 041 | _aEnglish | ||
| 082 | _a332.024 J599R | ||
| 100 | _aClaude, Sebuhoro Jean | ||
| 245 | 0 | _aRole of Ujjivan microfinance services in economic empowerment and standard of living of women: A case study of Rohtak district (Haryana) | |
| 260 | _c2016 | ||
| 300 | _a78 p. | ||
| 942 | _cTH | ||
| 999 |
_c127522 _d127522 |
||